Río Limay : catálogo de estaciones hidrométricas /
Guardado en:
| Autor Corporativo: | |
|---|---|
| Formato: | Libro |
| Idioma: | Spanish |
| Publicado: |
Cipolletti,
1982.
|
| Etiquetas: |
Agregar Etiqueta
Sin Etiquetas, Sea el primero en etiquetar este registro!
|
| LEADER | 00451nam a22001455a 4500 | ||
|---|---|---|---|
| 001 | EUN.um039472 | ||
| 003 | AR-BaUNS | ||
| 005 | 20050623122911.0 | ||
| 008 | 041125s1982####ag#a##########000#0#spa#d | ||
| 245 | 1 | 0 | |a Río Limay : |b catálogo de estaciones hidrométricas / |c Hidronor. |
| 260 | |a Cipolletti, |c 1982. | ||
| 300 | |a 10 h. : |b ilus. ; |c 29,5 cm. | ||
| 082 | 0 | 4 | |a 627.81 |
| 110 | 2 | |a Hidronor |c Buenos Aires. | |
| 859 | |a Ar-BaUNS |b BIB. CENTRAL - Sector C |h 627.81 |i H53 |p 90542/983 | ||
